LEADER 00669nas a2200157 i 4500 001 000000016637 003 CaOOAMICUS 005 20180830125443.0 008 180830n it u0 ita u 040 $aSeMil$bita 100 1 $aPica, Agnoldomenico <1907-1990>.$0(OLS)http://semarc/name/70665 245 10$aMisure :$bsaggi di storia, critica e teoria dell'architettura /$cserie diretta da Agnoldomenico Pica. 260 $aMilano :$bEdizioni del Milione,$c[194?] 300 $av. ;$c30 cm. 996 $6245$aMisure :$bsaggi di storia, critica e teoria dell'architettura$9(OLS)http://semarc/title/22008 996 $6260$aMilano :$bEdizioni del Milione$9(OLS)http://semarc/publisher/34452 LEADER 00971nam a2200253 i 4500 001 000000082444 003 CaOOAMICUS 005 20181224124314.0 008 180703s1989 it u000 u ita u 013 $a54684 020 $a0-7230-0295-9 040 $aSeMil$bita 245 14$aThe Times atlas of the Bible /$cedited by James B. Pritchard. 264 1$aLondon :$bTimes books,$cc1989. 300 $a254 p. :$bill. ;$c37 cm. 650 4$aBibbia - Atlanti geografici.$0(OLS)http://semarc/subject/4635 700 1 $aPritchard, James B.$0(OLS)http://semarc/name/75285 850 $aSeMil 852 $aSeMil$W1$xVenegono$y1$mSL1.R VIII 69$j221020$B47430$CSeMilBibl$Z2$F50043 $8I 961 $aOmaggio: Giacomoni Silvia 996 $6020$a0-7230-0295-9$9(OLS)http://semarc/number/271400 996 $6245$aThe Times atlas of the Bible$9(OLS)http://semarc/title/405118 996 $6264$aLondon :$bTimes books$9(OLS)http://semarc/publisher/56721